| 000 | 00513nam a2200169 i 4500 | ||
|---|---|---|---|
| 001 | 89780 | ||
| 003 | ES-MaACL | ||
| 005 | 20230906180251.0 | ||
| 007 | t| | ||
| 008 | 050113s1931 sp ||||1| spa d | ||
| 100 | 1 |
_aLaurat, Lucien. _970612 |
|
| 245 | 1 | 3 |
_aLa economía soviética _b: su dinámica, su dinamismo / _cLucien Laurat ; traducción de Salvador Quemades. |
| 260 |
_aMadrid : _b[Juan Pueyo], _c1931. |
||
| 300 |
_a294 p. ; _c19 cm. |
||
| 700 | 1 |
_aQuemades, Salvador. _994513 |
|
| 852 |
_aES-MaACL _jA-389 |
||
| 999 |
_c89780 _d89780 |
||